Score 0/24 Timer 02:00
1 Play Today
Show Missing Word % Correct
The Big _____ TheoryBang
98.5%
Buffy the _____ SlayerVampire
98.2%
Boy Meets _____World
96.7%
The Brady _____Bunch
96.1%
Beauty and the _____Beast
95.3%
Beavis and _____Butthead
90.1%
The Biggest _____Loser
84.8%
Bob the _____ Builder
83.6%
Breaking _____Bad
78.5%
Battlestar _____Galactica
78.1%
The Bold and the _____Beautiful
78%
The Beverly _____Hillbillies
77.7%
Show Missing Word % Correct
Beverly Hills, _____90210
75.2%
Blue's _____Clues
73.6%
The Benny Hill _____Show
73%
Boston _____Legal
68.3%
The Bionic _____Woman
66.9%
Bosom _____Buddies
63.9%
Burn _____Notice
62.5%
Boardwalk _____Empire
53.4%
Better _____ TedOff
53.2%
Babylon _____5
50.2%
The Bob _____ ShowNewhart
46.1%
The Burns and _____ ShowAllen
24.1%

Today's Daily Dose

Remove Ads.
Support Sporcle.
Get the best of Sporcle when you Go Orange. This ad-free experience offers more features, more stats, and more fun while also helping to support Sporcle. Thank you for becoming a member.

You're not logged in!

Compare scores with friends on all Sporcle quizzes.
OR
Log In

Show Comments

Extras

Top Quizzes Today


Score Distribution

Your Account Isn't Verified!

In order to create a playlist on Sporcle, you need to verify the email address you used during registration. Go to your Sporcle Settings to finish the process.

Report this User

Report this user for behavior that violates our Community Guidelines.

Details: